| 000 | 00870nam a22002417a 4500 | ||
|---|---|---|---|
| 999 |
_c17302 _d17302 |
||
| 003 | AR-CdUCM | ||
| 008 | 190508b ||||| |||| 00| 0 spa d | ||
| 040 |
_aMUNICIPALIDAD PROVINCIAL DEL CUSCO _cBIBLIOTECA MUNICIPAL DEL CUSCO |
||
| 041 | _heng | ||
| 082 |
_a338.5212 / _bH51 |
||
| 100 |
_aHicks, J. R. _937230 |
||
| 245 | _aRevisión de la teoría de la demanda / | ||
| 260 |
_aMéxico : _bFondo de Cultura Económica, _c1958. |
||
| 300 |
_a220 páginas ; _bgráficos, _c22 cm. |
||
| 440 |
_aSección de Obras de Economía. _96499 |
||
| 505 | _aContenido: Fundamentos -- La demanda de un solo bien -- La teoría general de la demanda. | ||
| 650 |
_aDemanda (Teoría económica) _937231 |
||
| 650 |
_aEconometría _96451 |
||
| 650 |
_aConsumidor _911175 |
||
| 700 |
_aGarayar, Gregorio P. (traducción) _937232 |
||
| 942 |
_2ddc _cLIBROS |
||
| 945 |
_aachl _d2019-05-08 |
||